| 000 | 00487nam a22001817a 4500 | ||
|---|---|---|---|
| 003 | OSt | ||
| 005 | 20140310182310.0 | ||
| 008 | 121115t xxu||||| |||| 00| 0 eng d | ||
| 020 | _a1897014317 | ||
| 050 |
_aPZ 7 _b.T866 2004 |
||
| 082 |
_aFIC _bT67 2004 |
||
| 245 |
_aTrue puppy love / _cEdith Soonkindt & Mathieu Couplet, Illustrations: Lombar. |
||
| 260 |
_aCanada : _bAm Productions, _c2004. |
||
| 300 | _c18 cm. | ||
| 650 |
_aFiction _9746 |
||
| 942 |
_2lcc _cBK-FIC |
||
| 999 |
_c11676 _d11676 |
||